| 000 | 00844cam a2200289 4500 | ||
|---|---|---|---|
| 001 | ABS64999 | ||
| 008 | 020121n2001 000 0 eng u | ||
| 035 | _a(Sirsi) u116386 | ||
| 245 | _aRegional survey: Cheshire | ||
| 260 | _c2001 | ||
| 490 |
_aProperty Week _v66(50) 14 December 2001, 53-66(6) |
||
| 590 | _aABS | ||
| 650 | _aCHESHIRE | ||
| 650 | _aWARRINGTON | ||
| 650 | _aCHESTER | ||
| 650 | _aENGLISH PARTNERSHIPS | ||
| 650 | _aOMEGA | ||
| 650 | _aDEVELOPMENT | ||
| 650 | _aPROPERTY-COMMERCIAL PROPERTY-OFFICE PROPERTY-OFFICE PROPERTY MARKET | ||
| 650 | _aMACCLESFIELD | ||
| 650 | _aKNUTSFORD | ||
| 650 | _aWILMSLOW | ||
| 650 | _aINDUSTRIAL MARKET | ||
| 650 | _aPROPERTY-COMMERCIAL PROPERTY-RETAIL PROPERTY-RETAIL PROPERTY MARKET | ||
| 690 | _aPROPERTY-COMMERCIAL PROPERTY-COMMERCIAL PROPERTY MARKET | ||
| 942 | _n0 | ||
| 999 |
_c69315 _d69315 |
||